1118 1168 1893 1826 1110 1442 1940 1429 1445 1952 1787 1894 1064 1305 1273 1735 1447 1365 1007 1491 1861 1124 1720 1861 1814 1829 1629 1049 1855 1344 1619 1520 1982 1404 1077 1108 1829 1738 1786 1713 1411 1198 1264 1734 1603 1247 1156 1287 1653 1128 1587 1668 1468 1964 1004 1852 1218 1454 1299 1601 1265 1123 1615 1561 1101 1999 1925 1102 1072 1645 1742 1492 1548 1441 1133 1748 1890 1821 1281 1774 1070 1070 1439 1387 1238 1589 1529 1940 1026 1924 1423 1558 1543 1818 1761 1206 1363 1826 1449 BCNSPRNW ULIB Ver.6.0+V

เปลี่ยนเป็นภาษาไทย

Change to English
 แสดงรายละเอียดบรรณานุกรม
  กลับหน้าหลัก

Brief Record : Get Marc (ISO 2709) : E-mail record : QR code < ปิดหน้าต่าง
LEADER : 00000nam 2200000uu 4500
001    13399124768
003     ULIB
008    020711s2015 th a 000 0 eng d
020    9781451192933
060  4 QZ4^bB850S
100    Brian Kipp
245    Study Guide for Porth s Essentials of Pathophysiology/^cBrian Kipp
250    4th ed.
260    New york :^bWolters Kluwer,^c2015
300    418 pages;^b27.5 cm
650    Pathophysiology
945    ^p0^l0^i23279
999    ^aทศพร เกษรทอง
รายการนี้ยังไม่มีแท็ก
คุณยังไม่ได้ล็อกอิน คุณสามารถมีกิจกรรมร่วมกับเว็บไซต์ได้ แต่ต้องล็อกอินก่อน ::
  ล็อกอิน

รายการสื่อสารสนเทศ

ลำดับที่ ประเภท เลขเรียก/บาร์โค้ด สถานที่ สถานะ
1. วิทยาศาสตร์การแพทย์ และสุขภาพ
วิทยาศาสตร์การแพทย์ และสุขภาพ
QZ4 B850S ฉ.1 
  Barcode: 23279
ห้องสมุดวิทยาเขตนครสวรรค์
►หนังสือทั่วไป:l:General Books
บนชั้น

รายการใกล้เคียง
    หัวเรื่อง [Pathophysiology]

BibComment


ยังไม่เคยถูกคอมเมนท์

คอมเมนท์ทรัพยากรรายการนี้
  คอมเมนท์: Study Guide for P..


 Copyright 2026. Bcnsprnw @Library